[Event "Rohde op 10th"]
[Site "Sautron"]
[Date "2010.10.29"]
[Round "8"]
[White "Dodart, Fozia"]
[Black "Audoubert, Jean"]
[Result "1/2-1/2"]
[WhiteElo "1270"]
[BlackElo "1795"]
[PlyCount "40"]
[EventDate "2010.10.23"]
[EventType "swiss"]
[EventRounds "9"]
[EventCountry "FRA"]
[SourceTitle "EXT 2012"]
[Source "ChessBase"]
[SourceDate "2011.11.24"]
[SourceVersion "1"]
[SourceVersionDate "2011.11.24"]
[SourceQuality "1"]

1. d4 Nf6 2. c4 e6 3. Nc3 Bb4 4. Bg5 h6 5. Bh4 b6 6. Nf3 Bb7 7. e3 d6 8. Bd3 Nbd7 9. Rc1 c5 10. 0-0 cxd4 11. Nxd4 Ne5 12. Qa4+ Qd7 13. Qxd7+ Nexd7 14. Ncb5 0-0 15. a3 Ne5 16. Be2 a6 17. Nc7 Rac8 18. Ncxe6 fxe6 19. axb4 g5 20. Bg3 Ne4 1/2-1/2